000 00577nam a22002057a 4500
001 216219220
003 UA-OsUOA
005 20200911103957.0
008 200911b un ||||| |||| 00| 0 ukr d
040 _aUA-OsUOA
_bukr
_cUA-OsUOA
_dUA-OsUOA
041 _aukr
080 _a930.1
090 _a930.1
_bЗ-35
245 _aЗарождение и развитие военной историографии 1917 - 1941
_cред. П. А. Жилин
260 _aМосква
_bНаука
_c1985
300 _a180 с.
650 _2930.1
942 _2udc
_cBK
955 _a1
999 _c463250
_d463250